| 000 | 00453nam a2200181Ia 4500 | ||
|---|---|---|---|
| 008 | 210210b2008 xxu||||| |||| 00| 0 eng d | ||
| 020 | _a9780143064244 | ||
| 041 | _aeng | ||
| 082 | _a823.54 HAMR | ||
| 100 | _aHAMID (Mohsin) | ||
| 245 | _aReluctant fundamentalist | ||
| 260 |
_aHaryana _bPenguin Books India (P) Ltd _c2008 |
||
| 300 | _avi,184 | ||
| 650 | _aReluctant | ||
| 650 | _afundamentalist | ||
| 690 | _aEnglish Fiction | ||
| 906 | _a073428 | ||
| 999 |
_c123267 _d123267 |
||